MANAGEMENT DEVELOPMENT THROUGH CULTURE OF DIVERSITY (Record no. 4446)

MARC details
000 -LEADER
fixed length control field 00340nam a22001337a 4500
008 - FIXED-LENGTH DATA ELEMENTS--GENERAL INFORMATION
fixed length control field 250807b |||||||| |||| 00| 0 eng d
020 ## - INTERNATIONAL STANDARD BOOK NUMBER
ISBN 0415178762
100 ## - MAIN ENTRY--AUTHOR
Author LESSEM RONNIE
245 ## - TITLE STATEMENT
Title MANAGEMENT DEVELOPMENT THROUGH CULTURE OF DIVERSITY
260 ## - PUBLICATION, DISTRIBUTION, ETC. (IMPRINT)
Place of publication LONDON
Name of publisher ROUTLEDGE
Date of publication 1998
300 ## - COLLATION
Pagination 424p.
942 ## - ADDED ENTRY ELEMENTS (KOHA)
Item type Books
050 ## - LIBRARY OF CONGRESS CALL NUMBER
Classification number HD 55
Item number .L47
Holdings
Source of classification or shelving scheme Not for loan Permanent location Current location Date acquired Accession No. Full call number Barcode. Koha item type
Library of Congress Classification   Samuel Ogbemudia Main Library, University of Abuja Samuel Ogbemudia Main Library, University of Abuja 08/08/2025 2007/34413 HD 55.L47 2025-3223 Books